The re-branding of class: propertising culture /

Guardado en:
書目詳細資料
主要作者: Skeggs, Beverley
格式: 圖書
語言:English
標簽: 添加標簽
沒有標簽, 成為第一個標記此記錄!

MARC

LEADER 00000nam a22000007a 4500
003 cru CRAI/IIS
005 20200220131559.0
008 200220t2005 nyu|||||r||||||0| ||eng|d
999 |c 42958  |d 42958 
040 |c cru CRAI/IIS 
100 1 |9 9098  |a Skeggs, Beverley 
245 1 4 |a The re-branding of class:  |b propertising culture /  |c Beverley Skeggs 
300 |a páginas 46-68 
773 0 |0 42779  |9 4170  |d New York: Palgrave Macmillan, 2005  |o 18552  |t Rethinking class:  |z 9780333968956 
942 |2 ddc  |c LI